Piłkarze Realu Madryt - nagła śmierć - Statystyki

Ogólne statystyki
  • Ten quiz został rozwiązany 2 896 razy
  • Średni wynik to 4 z 10
Answers on the Grid
Answers color-coded by a green-red scale on the quiz's grid according to % correct below.
A. Guler
T. Kross
A. Rudiger
L. Modrić
H. Kane
Rodrygo
W. Szczęsny
D. Alaba
E. Camavinga
F. Torres
J. Bellingham
J. Musiala
T. Courtois
K. Mbappe
Rodri
Vini Jr
 
Statystyki odpowiedzi
Odpowiedź % Poprawnych
A. Guler
89%
K. Mbappe
38%
T. Courtois
38%
E. Camavinga
37%
L. Modrić
37%
Vini Jr
37%
A. Rudiger
36%
J. Bellingham
36%
Rodrygo
35%
D. Alaba
33%
Nie znaleziono quizów pasujących do podanych kryteriów
Rozkład punktacji
Procent ludzi z każdym wynikiem
Percentyl według liczby udzielonych odpowiedzi
Twoja historia wyników
Nie rozwiązałeś tego quizu